Score 0/20 Timer 04:00
2 Plays Today
# A/U % Correct
(Film 'Uncle ___')Uncle Buck
85.6%
The Addams FamilyUncle Fester
78.4%
Duck TalesUncle Scrooge
70.5%
The Wizard of OzAuntie Em
69.5%
Full HouseUncle Jesse
66.6%
The SimpsonsAunt Selma & Aunt Patty
54.8%
The Andy Griffith ShowAunt Bee
51.4%
Spider-ManUncle Ben
40.8%
Harry PotterAunt Petunia
39.4%
Spider-ManAunt May
39%
# A/U % Correct
Song of the SouthUncle Remus
38.5%
(Film: 'Auntie ___')Auntie Mame
36.6%
The Fresh Prince of Bel-AirAunt Vivian
33.5%
SeinfeldUncle Leo
33.2%
Star WarsAunt Beru
25.5%
Sabrina, the Teenage WitchAunt Zelda & Aunt Hilda
21.3%
My Three SonsUncle Charley
21.2%
The SopranosUncle Junior
20%
Sanford and SonAunt Esther
16.1%
BewitchedUncle Arthur
15.1%
Remove Ads.
Support Sporcle.
Get the best of Sporcle when you Go Orange. This ad-free experience offers more features, more stats, and more fun while also helping to support Sporcle. Thank you for becoming a member.

You're not logged in!

Compare scores with friends on all Sporcle quizzes.
OR
Log In

Sporcle TV

Today on Sporcle TV


Watch our educational content, quiz creation guides, and fun videos on Sporcle TV.

Show Comments

Extras

Top Quizzes Today


Score Distribution

Paid Content

Your Account Isn't Verified!

In order to create a playlist on Sporcle, you need to verify the email address you used during registration. Go to your Sporcle Settings to finish the process.

Report this User

Report this user for behavior that violates our Community Guidelines.

Details: